| 000 | 02532cam a22004337a 4500 | ||
|---|---|---|---|
| 999 |
_c7087 _d7087 |
||
| 001 | 634433 | ||
| 003 | GBCCL | ||
| 005 | 20241126110619.0 | ||
| 008 | 110428s2005 tnua b 001 0 eng d | ||
| 010 | _a 2011381842 | ||
| 020 | _a1418500062 | ||
| 020 | _a9781418500061 | ||
| 020 | _a9780718025212 | ||
| 020 | _a0718025210 | ||
| 035 | _a(OCoLC)ocm61445766 | ||
| 035 |
_a(OCoLC)61445766 _z(OCoLC)424524289 |
||
| 040 |
_aMSV _beng _cMSV _dDLC _dBAKER _dVFY _dBTCTA _dYDXCP _dMXD _dBDX _dOCLCF |
||
| 042 | _alccopycat | ||
| 049 | _aLBBK | ||
| 050 | 0 | 0 |
_aBV4011.2 _b.M34 2005 |
| 082 | 0 | 4 |
_a253 _bMAC |
| 100 | 1 |
_aMacArthur, John, _d1939- _91165 |
|
| 245 | 1 | 0 |
_aPastoral ministry : _bhow to shepherd biblically / _c[by] John MacArthur and The Master's Seminary faculty. |
| 260 |
_aNashville, Tenn. : _bThomas Nelson, Inc., _cc2005. |
||
| 300 |
_axiv, 363 p. ; _c25 cm. |
||
| 336 |
_atext _btxt _2rdacontent |
||
| 337 |
_aunmediated _bn _2rdamedia |
||
| 338 |
_avolume _bnc _2rdacarrier |
||
| 490 | 1 | _aThe John MacArthur pastor's library. | |
| 504 | _aIncludes bibliographical references (p. [315]-355) and index. | ||
| 505 | 0 | _aRediscovering pastoral ministry / Richard L. Mayhue -- What is a pastor to be and do? / John MacArthur, Jr. -- Pastoral ministry in history / James F. Stitzinger -- Approaching pastoral ministry scripturally / Alex D. Montoya -- The character of a pastor / John MacArthur, Jr. -- The call to pastoral ministry / James M. George -- Training for pastoral ministry / Irvin A. Busenitz -- Ordination to pastoral ministry ; The pastor's home / Richard L. Mayhue -- The pastor's prayer life; the personal side / James E. Rosscup -- The pastor's prayer life; the ministry side / Donald G. McDougall -- The pastor's study / John MacArthur, Jr. and Robert L. Thomas -- The pastor's compassion for people / David C. Deuel -- Worshiping ; Preaching / John MacArthur, Jr. -- Modeling / George J. Zemek -- Leading ; Outreach / Alex D. Montoya -- Discipling / S. Lance Quinn -- Watching and warning / Richard L. Mayhue -- Observing ordinances ; Answering frequently asked questions / John MacArthur, Jr. | |
| 650 | 0 |
_aPastoral theology. _9414 |
|
| 650 | 0 |
_aClergy _xOffice. _9299 |
|
| 650 | 7 |
_aClergy _xOffice. _2fast _0(OCoLC)fst00864056 _9299 |
|
| 650 | 7 |
_aPastoral theology. _2fast _0(OCoLC)fst01054694 _9414 |
|
| 800 | 1 |
_aMacArthur, John, _d1939- _tJohn MacArthur pastor's library. _912591 |
|
| 856 | 4 | 2 |
_3Publisher description _uhttp://catdir.loc.gov/catdir/enhancements/fy1111/2011381842-d.html |
| 942 |
_2ddc _cBK _020 |
||